| 000 | 01015nam a2200253Ia 4500 | ||
|---|---|---|---|
| 003 | OSt | ||
| 005 | 20220930095121.0 | ||
| 006 | a|||||r|||| 00| 0 | ||
| 007 | ta | ||
| 008 | 220926b |||||||| |||| 00| 0 pan d | ||
| 024 | _a3427 | ||
| 037 | _cTheses | ||
| 040 |
_aCRL _cCRL _bpan |
||
| 041 |
_2pan _apan |
||
| 100 | _aਚਰਨਜੀਤ ਕੌਰ | ||
| 110 |
_aਦਿੱਲੀ ਯੂਨੀਵਰਸਿਟੀ. ਆਰਟਸ ਫੈਕਲਟੀ. ਪੰਜਾਬੀ ਵਿਭਾਗ _9556926 |
||
| 245 | 0 |
_aਜਰਨੈਲ ਸਿੰਘ ਦੀਆਂ ਕਹਾਣੀਆਂ ਦਾ ਥੀਮ _b ਵਿਗਿਆਨਕ ਵਿFਲੇFਣ |
|
| 260 | _c2011 | ||
| 650 | _aਪੰਜਾਬੀ ਨਾਵਲ | ||
| 700 | _a ਮਨਜੀਤ ਸਿੰਘ, ਭਚ. | ||
| 700 |
_aਦਿੱਲੀ ਯੂਨੀਵਰਸਿਟੀ. ਆਰਟਸ ਫੈਕਲਟੀ. ਪੰਜਾਬੀ ਵਿਭਾਗ _9556927 |
||
| 942 |
_cDIS _2CC |
||
| 999 |
_c888356 _d888356 |
||